Score 0/7 Timer 03:00
0 Plays Today
Question Answer Wrong Answers
This American comic book writer and publisher, known for his frequent cameo appearances in films based on Marvel characters, is born.
1922
Stan Lee
92.3%
Jack Kirby
1.7%
Bruce Banner
2.3%
Peter Parker
2.3%
‘Bright Eyes’, the first film written specifically for this young actress, premieres. It is best known for the hit song, ‘On the Good Ship Lollipop’.
1934
Shirley Temple
87.1%
Vivien Leigh
1.3%
Judy Garland
5.6%
Bette Davis
4%
In an NFC Divisional Playoff Game, Cowboys quarterback Roger Staubach throws a desperate 50-yard game-winning touchdown, leading to widespread use of the term ‘______’ pass.
1975
Hail Mary
86.1%
Buzzer Beater
2.8%
Gunslinger
5.8%
Bootleg
3%
Known as the ‘Hawkeye State’ today, this territory is admitted to the Union as the 29th US state.
1846
Iowa
78.8%
Missouri
7.7%
Arkansas
7.8%
Minnesota
4.8%
This Italian astronomer makes the earliest recorded observation of Neptune, though he believes it to be a ‘fixed star’.
1612
Galileo Galilei
77.7%
Giuseppe Piazzi
2.4%
Nicolaus Copernicus
15.9%
Tycho Brahe
3.9%
Due to a difficult relationship with this polarizing president, John C. Calhoun becomes the first Vice President of the United States to resign.
1832
Andrew Jackson
65.3%
Zachary Taylor
17.4%
Thomas Jefferson
7%
James A. Garfield
9.6%
After losing 31-21 to the Green Bay Packers, the ______ become the first team in NFL history to go winless in a 16-game season.
2008
Detroit Lions
44.8%
Cleveland Browns
31.8%
Tampa Bay Buccaneers
12.7%
Jacksonville Jaguars
8.3%
Remove Ads.
Support Sporcle.
Get the best of Sporcle when you Go Orange. This ad-free experience offers more features, more stats, and more fun while also helping to support Sporcle. Thank you for becoming a member.

You're not logged in!

Compare scores with friends on all Sporcle quizzes.
OR
Log In

Show Comments

Extras

Top Quizzes Today


Score Distribution

Your Account Isn't Verified!

In order to create a playlist on Sporcle, you need to verify the email address you used during registration. Go to your Sporcle Settings to finish the process.

Report this User

Report this user for behavior that violates our Community Guidelines.

Details: